• 首页
  • 本馆介绍
  • 公告通知
  • 最新文献
  • 馆藏检索
  • 电子资源
  • 读者导购
  • 参考咨询
  • 我的图书馆
  • 登录
  • 详细信息显示
  • 放入我的书架
  • 预约/预借图书
  • 作者相关作品
  • 分类相关作品
  • 丛书相关作品
  • 出版社相关作品

书目信息

  • 表格格式
  • 工作单格式
  • 卡片格式
题名:
九年制义务教育全日制初级中学英语教学大纲
    
 
作者: ;国家教育委员会 制订
分册:  
出版信息: 北京   人民教育出版社  1995
页数: 70页
开本: 20cm
丛书名:
单 册:
中图分类: G633.5 , G633.41
科图分类:
主题词: 英语课-教学大纲--初中
电子资源:
ISBN: 7-107-01420-X
000 00827nam0 2200229 45
001 0193006718
005 20070722115751.64
010    @a7-107-01420-X@dCNY2.10
100    @a19930201d1995 em y0chiy0121 ea
101 0  @achi
102    @aCN@b110000
105    @ay z 000yy
200 10 @a九年制义务教育全日制初级中学英语教学大纲@Ajiu nian zhi yi wu jiao yu quan ri zhi chu ji zhong xue ying yu jiao xue da gang@e试用@ESHI YONG@f中华人民共和国国家教育委员会制订@FZHONG HUA REN MIN GONG HE GUO GUO JIA JIAO YU WEI YUAN HUI ZHI DING
205    @a2版
210    @a北京@c人民教育出版社@d1995
215    @a70页@d20cm
606    @a英语课-教学大纲@x初中
690    @aG633.5@v4
690    @aG633.41@v3
711 02 @a国家教育委员会@AGUO JIA JIAO YU WEI YUAN HUI@4制订
801  0 @aCN@bTSSF@c20070722
905    @a10447@dG633.41@e183=2
    
    九年制义务教育全日制初级中学英语教学大纲:试用/中华人民共和国国家教育委员会制订.-2版.-北京:人民教育出版社,1995
    70页;20cm
    
    
    ISBN 7-107-01420-X:CNY2.10
    
●
相关链接 在E读中查询图书 在五车中查询图书 在当当中查询图书 在豆瓣中查询图书


正题名:九年制义务教育全日制初级中学英语教学大纲     索取号:G633.41/183=2         预约/预借

序号 登录号 条形码 馆藏地/架位号 状态 备注
1 0408897   204088977   第一样本阅览室/ [索取号:G633.41/183=2] 在馆    
2 0408898   204088986   密集书库/ [索取号:G633.41/183=2] 在馆    
3 0408899   204088995   密集书库/ [索取号:G633.41/183=2] 在馆    
4 0408900   204089002   密集书库/ [索取号:G633.41/183=2] 在馆    
5 0408901   204089011   密集书库/ [索取号:G633.41/183=2] 在馆    
6 0408902   204089020   密集书库/ [索取号:G633.41/183=2] 在馆    
7 0653097   206530976   库房3/ [索取号:G633.41/183=2] 在馆    
8 0653098   206530985   库房3/ [索取号:G633.41/183=2] 在馆    
9 0653099   206530994   库房3/ [索取号:G633.41/183=2] 在馆    
10 0653100   206531001   库房3/ [索取号:G633.41/183=2] 在馆    
11 0653101   206531010   库房3/ [索取号:G633.41/183=2] 在馆    
12 0653102   206531029   库房3/ [索取号:G633.41/183=2] 在馆    
13 0653103   206531038   库房3/ [索取号:G633.41/183=2] 在馆    
14 0653104   206531047   库房3/ [索取号:G633.41/183=2] 在馆    
15 0653944   206539441   库房3/ [索取号:G633.41/183=2] 在馆    
16 0653945   206539450   库房3/ [索取号:G633.41/183=2] 在馆    
17 0768497   207684978   密集书库/ [索取号:G633.41/183=2] 在馆    
唐山师范学院图书馆 欢迎您!
大连网信软件有限公司© 版权所有